000 00584nam a2200229Ia 4500
003 OSt
005 20221005124220.0
006 a|||||r|||| 00| 0
007 ta
008 221004b |||||||| |||| 00| 0 hin d
024 _a62694
037 _cTextual
040 _aCRL
_cCRL
_bhin
041 _2hin
_ahin
082 _aO152,2NMEx, 32H7
100 _aMenon Krishna
_9428914
245 0 _aMevarinte pathamam
260 _c1947
650 _aHINDI LITERATURE
_923866
942 _hO152,2NMEx, 32H7
_cTEXL
_2cc
999 _c1049758
_d1049758